000 00416nam a2200193Ia 4500
003 0100
008 130303s9999 xx 000 0 und d
040 _cARRUPELIB
050 _aQP356.R47 1988
100 _aRestak, Richard M
245 4 _aThe mind
260 _aNY
260 _bBantam Books
260 _C1988
300 _a328p
650 _bPsychology
650 _cAdjustment (Psychology)
942 0 0 _01
999 _c21859
_d21859